000 00517nam a2200205Ia 4500
001 11664
003 GE_BSU
008 181216s||||||||xx |||||||||||||| ||und||
020 _a9781854878915
040 _cGE_BSU
080 _a821.111-312.4
100 _aSaylor,Steven.
245 2 _aA murder on the appian way a mystery of Ancient Rome.
260 _aLondon.
260 _bRobinson.
260 _c1997.
300 _a398p;20cm.
653 _aA murder on the appian way a mystery of Ancient Rome.
942 _cBK
999 _c44850
_d44850